Pobreza y capacidades: hacia una medición empíricamente aplicable /
Salvato in:
| Autore principale: | |
|---|---|
| Altri autori: | |
| Natura: | testo |
| Soggetti: | |
| Tags: |
Aggiungi Tag
Nessun Tag, puoi essere il primo ad aggiungerne!!
|
MARC
| LEADER | 00000 a a2200000 04500 | ||
|---|---|---|---|
| 001 | 3550 | ||
| 003 | |||
| 040 | |||
| 100 | |a Desai, Meghnad | ||
| 245 | |a Pobreza y capacidades: |b hacia una medición empíricamente aplicable / |c Meghnad Desai ; Lorena Murillo Saldaña | ||
| 500 | |a Artículo publicado originalmente por el Programa de Investigación para el Desarrollo Económico de dicha institución. En: Documento de Trabajo, número 27, setiembre 1990 | ||
| 650 | |a POBREZA | ||
| 650 | |a MODELOS MATEMATICOS | ||
| 700 | |a Murillo Saldaña, Lorena | ||
| 773 | |g volumen 53, número 5; páginas 434-444 | ||
| 999 | |c 25793 |d 25793 | ||
